00916nam a2200253 i 4500001000700000003000700007005001700014008004100031080001400072080001000086100002400096245010100120260004700221300002000268490004300288500001500331505006900346546003200415650004100447650003000488700001700518830004300535852008400578186570SpMaBN20250804044440.0161128m19581972xxk |||| |deng d a929(38):1 a1(38)1 aDiógenes Laercio.10aLives of eminent philosophers / cDiogenes Laertius ; with an english translation by R.D. Hicks. aLondon : bWilliam Heinemann, c1958-1972. a2 v. ; c17 cm.1 aThe loeb classical library ; v184-185 aÍndices.8 av. 1: Books I-V (XXXVII, 549 p.) - v. 2: Books VI-X (VI, 704 p.) aTexto en inglés y griego. aFilosófos-zGrecia-xBiografías. 7aFilosofía griega2embne1 aHicks, R. D.0 aThe loeb classical library ; v184-185 aES-MaACLjL-30926-27 z- enc. cart. z. - Biblioteca Jacinto Martínez Lacalle